Pedro Pablo Rubens / (Record no. 78143)

MARC details
000 -LEADER
campo de control de longitud fija 00554nam a2200169 i 4500
001 - NÚMERO DE CONTROL
campo de control 78143
003 - IDENTIFICADOR DE NÚMERO DE CONTROL
campo de control ES-MaACL
005 - FECHA Y HORA DE LA ÚLTIMA TRANSACCIÓN
campo de control 20230906173547.0
007 - CAMPO FIJO DE DESCRIPCIÓN FÍSICA--INFORMACIÓN GENERAL
campo de control de longitud fija t|
008 - DATOS DE LONGITUD FIJA--INFORMACIÓN GENERAL
campo de control de longitud fija 041011s1943 ag ||||1| spa d
100 1# - ENTRADA PRINCIPAL--NOMBRE DE PERSONA
Nombre de persona Harsányi, Zsolt.
9 (RLIN) 61953
245 10 - MENCIÓN DEL TÍTULO
Título Pedro Pablo Rubens /
Mención de responsabilidad, etc. por Zsolt v. Harsányi ; traducción de Mercedes Torrontegui.
260 ## - PUBLICACIÓN, DISTRIBUCIÓN, ETC.
Lugar de publicación, distribución, etc. Buenos Aires :
Nombre del editor, distribuidor, etc. Compañía Editora del Plata,
Fecha de publicación, distribución, etc. [1943] (
Fabricante Esmeralda)
300 ## - DESCRIPCIÓN FÍSICA
Extensión 808 p., 24 lám. ;
Dimensiones 24 cm.
700 1# - ENTRADA AGREGADA--NOMBRE PERSONAL
Nombre de persona Torrontegui, Mercedes.
9 (RLIN) 111061
852 ## - LOCALIZACIÓN
Ubicación ES-MaACL
Número de control de estantería B-10002
Sublocalización o colección R.21334
Holdings
Estatus retirado Estado de pérdida Estado de daño No para préstamo Biblioteca de origen Biblioteca actual Ubicación en estantería Fecha de adquisición Fuente de adquisición Total de préstamos Signatura topográfica completa Código de barras Visto por última vez Precio de reemplazo Tipo de ítem Koha
        Biblioteca del Ateneo de Madrid Biblioteca del Ateneo de Madrid Sala Pardo Bazán 17/01/2008     B-10002 1081746 23/02/2023 23/02/2023 Libro impreso